米津玄師タイアップ曲 - Statistics

General Stats
  • This quiz has been taken 173 times
    140 since last reset
  • The average score is 21 of 37
Answer Stats
起用年 Answer 収録 起用場所 % Correct
2018 Lemon STRAY SHEEP TBS系 金曜ドラマ『アンナチュラル』主題歌ソフトバンク CM 白戸家ミステリートレイン
93%
2017 打上花火 BOOTLEG 映画『打ち上げ花火、下から見るか? 横から見るか?』主題歌アーティスト:DAOKO
88%
2019 馬と鹿 STRAY SHEEP TBS系 日曜劇場『ノーサイド・ゲーム』主題歌
84%
2017 ピースサイン BOOTLEG テレビアニメ『僕のヒーローアカデミア』第2期第1クールオープニングテーマ
81%
2018 パプリカ STRAY SHEEP 『NHK2020』応援ソングアーティスト:Foorin
80%
2020 感電 STRAY SHEEP TBS系 金曜ドラマ『MIU404』主題歌Apple Music CMソング
80%
2022 KICK BACK LOST CORNER テレビアニメ『チェンソーマン』オープニングテーマ
79%
2025 Plazma 未収録 Plazma
72%
2019 海の幽霊 STRAY SHEEP アニメ映画『海獣の子供』主題歌
71%
2024 さよーならまたいつか! LOST CORNER NHK連続テレビ小説『虎に翼』主題歌
70%
2018 LOSER BOOTLEG Honda「JADE」CMソング
70%
2017 砂の惑星 BOOTLEG 初音ミク「マジカルミライ 2017」テーマソング
65%
2016 orion BOOTLEG NHK総合TVアニメ『3月のライオン』第1シリーズ第2クール エンディングテーマ
65%
2014 アイネクライネ YANKEE 東京メトロ 広告キャンペーン「Color your days.」CMソング
64%
2020 カイト 嵐58thシングル 『NHK2020』応援ソングアーティスト:嵐
63%
2023 地球儀 LOST CORNER アニメ映画『君たちはどう生きるか』主題歌
63%
2018 Flamingo STRAY SHEEP SONY 完全ワイヤレスイヤホン「WF-SP900」CMソング
62%
2019 まちがいさがし STRAY SHEEP カンテレ・フジテレビ系 4月期 火9連続ドラマ『パーフェクトワールド』主題歌アーティスト:菅田将暉
60%
2025 BOW AND ARROW 未収録 テレビアニメ『メダリスト』オープニングテーマ
59%
2022 M八七 LOST CORNER 映画『シン・ウルトラマン』主題歌
58%
2023 LADY LOST CORNER コカ・コーラ「ジョージア」CMソング
55%
2024 がらくた LOST CORNER 映画『ラストマイル』主題歌
50%
2021 Pale Blue LOST CORNER TBS系金曜ドラマ『リコカツ』主題歌
47%
2024 毎日 LOST CORNER コカ・コーラ「ジョージア」CMソング
41%
2016 NANIMONO NANIMONO EP/何者(オリジナル・サウンドトラック) 映画『何者』主題歌プロデュース・作編曲:中田ヤスタカ
41%
2023 月を見ていた LOST CORNER ゲーム『FINAL FANTASY XVI』テーマソング
40%
2022 POP SONG LOST CORNER PlayStation「遊びのない世界なんて|Play Has No Limits」CMソング
40%
2024 RED OUT LOST CORNER SpotifyブランドCMソング
38%
2015 アンビリーバーズ Bremen ミズノ「WAVE ENIGMA 5」CMソング
37%
2015 Flowerwall Bremen ニコン「D5500」CMソング
37%
2018 TEENAGE RIOT STRAY SHEEP マンダム「GATSBY」CMシリーズ「GATSBY COP」テーマソング
36%
2020 迷える羊 STRAY SHEEP 大塚製薬「カロリーメイト」CMソング
35%
2016 ナンバーナイン 5thCDシングル 森アーツセンターギャラリー ルーヴル美術館特別展「ルーヴル No.9 〜漫画、9番目の芸術〜」公式イメージソング
34%
2021 カナリヤ STRAY SHEEP NHK『ふたりのディスタンス』主題歌
30%
2024 Azalea 8th配信限定シングル Netflixシリーズ『さよならのつづき』主題歌
29%
2016 シンデレラグレイ Bremen NTT西日本 電報スペシャルムービー BGM
28%
2021 ゆめうつつ LOST CORNER 日本テレビ系『news zero』テーマソング
28%
No matching quizzes found
Score Distribution
Percent of People with Each Score
Percentile by Number Answered
Your Score History
You have not taken this quiz since the last reset